Unifikácia a diverzifikácia bývania pre mladých v globalizovanej spoločnosti, Štartovacie byty
Na minha lista:
| Autor principal: | |
|---|---|
| Outros Autores: | |
| Formato: | Manuscrito Livro |
| Idioma: | eslovaco |
| Publicado em: |
2015
|
| Assuntos: | |
| Acesso em linha: | http://is.stuba.sk/zp/portal_zp.pl?podrobnosti=76784 |
| Tags: |
Sem tags, seja o primeiro a adicionar uma tag!
|
MARC
| LEADER | 00000ntm a22000003a 4500 | ||
|---|---|---|---|
| 001 | stuzp23438 | ||
| 003 | SK-STU | ||
| 005 | 20160719152849.2 | ||
| 007 | ta | ||
| 008 | 150427s2015----xo-----f-mn---000-0-slo-d | ||
| 040 | |a STU |b slo | ||
| 041 | 0 | |a slo | |
| 100 | 1 | |a Tibenská, Martina |u 010310 |4 aut |U SvF Stavebná fakulta |T SvF Katedra architektúry |X 16761 |U V181|V310 |Y 19 |7 A000016761 | |
| 242 | 0 | 1 | |a Unification and diversification of housing for young people in a globalized society, starter homes |y eng |
| 245 | 1 | 0 | |a Unifikácia a diverzifikácia bývania pre mladých v globalizovanej spoločnosti, Štartovacie byty |
| 260 | |c 2015 | ||
| 650 | 4 | |a štartovacie bývanie |2 slo | |
| 650 | 4 | |a sociálne bývanie |2 slo | |
| 650 | 4 | |a multifunkčné jadro |2 slo | |
| 650 | 4 | |a priestorová koncepcia |2 slo | |
| 650 | 4 | |a spacial conception |2 eng | |
| 650 | 4 | |a multifunctional core |2 eng | |
| 650 | 4 | |a social housing |2 eng | |
| 650 | 4 | |a starter homes |2 eng | |
| 700 | 1 | |a Húsenicová, Jarmila |4 ths |X 901 |7 A000000901 | |
| 856 | 4 | |u http://is.stuba.sk/zp/portal_zp.pl?podrobnosti=76784 | |
| 996 | |b 284V041276 |c V* 3241/DP-1171 |l VVS |s P |a 0 |w stuzp23438_0001 | ||
| SQL | |a stuzp23438 |b DDZ |c SLO |d Unifikácia a diverzifikácia bývania pre mladých v globalizovanej spoločnosti, Štartovacie byty |e 16761 |f Tibenská, Martina |g 010310 |h 901 |i Húsenicová, Jarmila |j 20150828 |k 673 |l 01 |m http://is.stuba.sk/zp/portal_zp.pl?podrobnosti=76784 |n D-TKPS4 |o 5.1.4. pozemné stavby | ||